000 00670nam a22001817a 4500
003 UA-OsUOA
001 17712
007 ta
008 20040323b un ||||| |||| 00| 0 ukr d
100 _aТубіна С.
942 _cSA
040 _aUA-OsUOA
_cUA-OsUOA
_dUA-OsUOA
245 _aАвторитет заслужили працею
_b[Про підсумки роботи у 2003 р. труд. колективів держ. лісогосподарського об-ня "Рівнеліс"]
300 _aС.1
955 _a0
773 0 _w0
_tЗелені шати
_dКостопіль
_d2004
_g№4/6 лют./
650 7 _aКраєзнавча робота
_2UDC
999 _c303880
_d303880